LEADER 01000caa a22002652c 4500
001 09878093X
003 DE-627
005 20260310204931.0
007 tu
008 061003s1984 xx ||||| 00| ||ger c
035 |a (DE-627)09878093X 
035 |a (DE-599)GBV09878093X 
040 |a DE-627  |b ger  |c DE-627  |e rakwb 
041 |a ger 
100 1 |a Reindel, Kurt  |d 1925-2011  |e verfasserin  |0 (DE-588)118823639  |0 (DE-627)079597947  |0 (DE-576)162690525  |4 aut 
245 1 0 |a Petrus Damiani in Bayern 
264 1 |c 1984 
336 |a Text  |b txt  |2 rdacontent 
337 |a ohne Hilfsmittel zu benutzen  |b n  |2 rdamedia 
338 |a Band  |b nc  |2 rdacarrier 
500 |a S. 325-338 
773 0 8 |i In  |t Land und Reich, Stamm und Nation: Probleme und Perspektiven bayerischer Geschichte; Festgabe für Max Spindler zum 90. Geburtstag ; 1: Forschungsberichte Antike und Mittelalter  |d 1984  |g (1984), Seite 325-338  |h XVII, 485 S  |w (DE-627)097976849  |z 3406104789  |7 nnam 
773 1 8 |g year:1984  |g pages:325-338 
912 |a GBV_USEFLAG_U 
912 |a GBV_ILN_350 
912 |a ISIL_DE-2795 
912 |a SYSFLAG_1 
912 |a GBV_KXP 
912 |a GBV_ILN_350_ 
951 |a AR 
952 |j 1984  |h 325-338 
980 |2 350  |1 01  |x 8293  |b 097999318  |c 00  |f DHIP  |d --%%--  |e i  |j --%%--  |y n  |z 27-03-06